| 000 | 02161na a2200445 4500 | ||
|---|---|---|---|
| 999 |
_c7265 _d7265 |
||
| 001 | 19690 | ||
| 003 | MIRAKIL | ||
| 005 | 20210407110416.0 | ||
| 008 | 161225b tu 000 0 | ||
| 035 | _a19690 | ||
| 040 |
_aTR-AnCHP _btur _cTR-AnCHP |
||
| 041 | _atur | ||
| 082 |
_aCHP 324.2372 _bK44g 2015 |
||
| 090 | _aBROŞÜR 133 | ||
| 100 |
_aKılıçdaroğlu, Kemal _cCHP Genel Başkanı |
||
| 240 |
_aGeleceği birlikte kuruyoruz _f2015 |
||
| 245 |
_aGeleceği birlikte kuruyoruz _bGeleceği öğrencilerle birlikte kuruyoruz : Üniversiteler bilim yuvası olacak _c[Kemal Kılıçdaroğlu] |
||
| 246 | _aÜniversiteler bilim yuvası olacak | ||
| 246 | _aGeleceği öğrencilerle birlikte kuruyoruz : Üniversiteler bilim yuvası olacak | ||
| 260 |
_aAnkara _bCHP _c2015 |
||
| 300 |
_aktl. broşür _brnkl. fotg. _c20 sm. |
||
| 440 |
_aCumhuriyet Halk Partisi yayınları _pGeleceği birlikte kuruyoruz dizisi |
||
| 500 | _aYapıt adı başında: CHP: Türkiye'nin birleştirici gücü | ||
| 600 |
_aKılıçdaroğlu, Kemal _cCHP Genel Başkanı _xPropaganda ve ideolojiler _yYüksek öğretim |
||
| 600 |
_aKılıçdaroğlu, Kemal _xSeçim kampanyaları, 2015 _yÖğrenciler |
||
| 610 |
_aCHP _xEğitim sorunları _yÇözüm önerileri |
||
| 610 |
_aCHP _xSeçim kampanyaları, 2015 _yÖğrenciler |
||
| 610 |
_aCHP _xPropaganda ve ideolojiler _yKılıçdaroğlu dönemi _yGenel seçimler, 2015 |
||
| 651 |
_aTürkiye _xSiyaset ve yönetim _y2015- |
||
| 740 | _aGeleceği madencilerle birlikte kuruyoruz : Geleceği madencilerle birlikte kuruyoruz Madenciye güvenli bir iş ortamı sağlanacak! | ||
| 740 | _aGeleceği öğrencilerle birlikte kuruyoruz : Üniversiteler bilim yuvası olacak | ||
| 740 | _aÜniversiteler bilim yuvası olacak | ||
| 740 | _aCHP: Türkiye'nin birleştirici gücü | ||
| 830 | _aGeleceği birlikte kuruyoruz dizisi | ||
| 830 | _aCHP broşürleri | ||
| 856 | _zDijital Nüshası için Partimizin Kütüphane Sorumlusu ile iletişime geçiniz. | ||
| 942 | _cBKS | ||
| 999 | _d7265 | ||